00774nam a2200217 i 450000100060000000300090000600500170001500700030003200800410003502000180007604000220009408000280011624500550014426000380019930000220023749000420025950001490030165000340045083000390048485200330052367356ES-MaACL20250911062828.0t|040520s2003 sp ||||0| spa d a84-7522-913-1 aM-BN bspa cM-BN a821.134.2-14"19"(082.2)00aCenturia b: cien años de poesía en español. aMadrid : bVisor Libros, c[2003] a631 p. ; c20 cm.1 aColección Visor de poesía ; v500 a"Los 140 mejores lectores de poesía escogen los poemas del siglo XX que, por algunas razones, aprecian por encima de cualesquiera otros"--Cub. 4aPoesías españolas-yS.XX.0 aColección Visor de poesíav500 aES-MaACLjL-27613 bR.133318